| 000 | 01574nam0a2200289 i 4500 | ||
|---|---|---|---|
| 001 | RU\NLR\BIBL_A\011340870 | ||
| 005 | 20240921224534.0 | ||
| 010 |
_a9785000196809 _95000 |
||
| 021 |
_aRU _b2017-7532 _9549 |
||
| 035 | _a(NLR Aleph) 011340870 | ||
| 090 |
_a11191968 _c11191968 |
||
| 100 | _a20170307d2016 u y0rusy50 ca | ||
| 101 | 0 | _arus | |
| 102 | _aRU | ||
| 105 | _aa j 000zy | ||
| 200 | 1 |
_aУправление проектами _e[учебное пособие по программе курса "Управление проектами" по специальности "Менеджмент организации"] _fЭ.Я. Вафин, А.С. Груничев _gПенсионный фонд Российской Федерации, Государственное учреждение - отделение Пенсионного фонда Российской Федерации по Республике Татарстан |
|
| 210 |
_aКазань _cИзд-во Казанского университета _d2016 |
||
| 215 |
_a196 с. _cил. _d21 |
||
| 320 | _aБиблиогр.: с. 196 (13 назв.) | ||
| 606 | 1 |
_aПроекты _jУчебные издания для высших учебных заведений _xУправление _91734110 _3RU\NLR\AUTH\661071500 |
|
| 686 | 1 | _aУ21(0)2я73 | |
| 700 | 1 |
_aВафин _bЭ. Я. _gЭдуард Яфасович |
|
| 701 | 1 |
_aГруничев _bА. С. _gАлександр Станиславович |
|
| 942 | _cBOOK | ||
| 980 | _aNBR | ||